| 000 | 00362cam a2200145ua 4500 | ||
|---|---|---|---|
| 041 |
_aeng _h |
||
| 082 |
_a828.08355 _bMUN/FL |
||
| 100 | _aMunshi, K M . | ||
| 245 |
_aFlight to Soviet land / _cK M Munshi. _hTextual Documents |
||
| 260 |
_aMumbai : _bBharatiya Vidya Bhavan , _c1956. |
||
| 300 | _a124 ; . | ||
| 504 | _a | ||
| 942 | _cBK | ||
| 999 |
_c11551 _d11551 |
||